00217nam a2200085Ia 4500008004100000041000800041100001600049245003700065260002900102231212s1993 xx 000 0 und d aeng aGulati R.R. aMonochrome And Colour Television aNew DelhibTata Mcc1993